000
00308nam a22001457a 4500
008
221114b ||||| |||| 00| 0 eng d
020
_a
0716721414
041
_a
eng
080
_a
521
082
_a
521 MOO
100
_a
19.1
101
_a
AST
245
_a
SHAPING THE EARTH
_c
MOORES E
942
_2
udc
_c
BK
999
_c
58884
_d
58884